000
00303nam a2200121 4500
999
_c
10657
_d
10657
003
OSt
005
20220509171719.0
008
220509b ||||| |||| 00| 0 eng d
082
_a
620.7
245
_a
D+P design and planning factories
260
_a
New York
_b
Van nostrand reinhold company
942
_2
ddc